History Quiz

Random History or Popular Quiz
Score 0/50 Timer 08:00
0 Plays Today
million views (2008-2013) Name % Correct
89,77Albert Einstein
89%
48,13Ludwig van Beethoven
88.4%
35,17Martin Luther
78.1%
29,75Johann Sebstian Bach
76.7%
18,14Angela Merkel
75.5%
18,47Michael Schumacher
68.5%
46,60Karl Marx
67.9%
18,22Heidi Klum
58.7%
20,96Wolfgang von Goethe
56.3%
15,48Otto von Bismarck
55%
39,34Friedrich Nietzsche
48.3%
16,67Joseph Goebbels
46.5%
8,91Stefanie Graf
45.5%
17,56Heinrich Himmler
41.7%
17,92Mesut Özil
40.5%
30,55Pope Benedict XVI
39.6%
17,60Richard Wagner
38%
10,13Sebastian Vettel
36.1%
13,43Hermann Göring
34.7%
13,92Erwin Rommel
34.3%
11,71Johannes Gutenberg
34.3%
12,48Johannes Kepler
33.7%
8,74Michael Ballack
33.5%
9,35Marlene Dietrich
30.9%
10,72Georg Friedrich Händel
27.4%
million views (2008-2013) Name % Correct
12,51Eva Braun
25%
8,75Karl Lagerfeld
25%
10,63Georg Wilhelm Friedrich Hegel
22.4%
10,21Albrecht Dürer
21.6%
9,41Hermann Hesse
20.2%
12,71Bertolt Brecht
16.7%
37,43Bruce Willis
15.6%
26,81Anne Frank
15.6%
10,02Carl Friedrich Gauss
15.5%
9,71Kevin-Prince Boateng
15.3%
8,63Clara Schumann
14.4%
15,14Diane Kruger
14%
17,46Max Weber
13.4%
9,71Mario Gomez
12.1%
18,77Josef Mengele
10.9%
11,36Hans Zimmer
10.7%
15,90Michael Fassbender
10.4%
11,29Adolf Eichmann
7.5%
8,92Claus Schenk Graf von Stauffenberg
7.3%
12,33Ludwig Mies van der Rohe
4.9%
10,49Henry Kissinger
4.7%
9,38Elisabeth of Austria
4%
9,12Heinrich Rudolf Hertz
2.5%
10,44Martin Lawrence
2.2%
14,00Karl Bukowski
1.3%
Remove Ads.
Support Sporcle.
Get the best of Sporcle when you Go Orange. This ad-free experience offers more features, more stats, and more fun while also helping to support Sporcle. Thank you for becoming a member.

You're not logged in!

Compare scores with friends on all Sporcle quizzes.
OR
Log In

Show Comments

Extras

Top Quizzes Today


Score Distribution

Your Account Isn't Verified!

In order to create a playlist on Sporcle, you need to verify the email address you used during registration. Go to your Sporcle Settings to finish the process.

Report this User

Report this user for behavior that violates our Community Guidelines.

Details: